Loading...
Solid state science: past present and predicted
| Main Authors: | , |
|---|---|
| Format: | Printed Book |
| Published: |
Bristol, Adam Higher
1987
|
| Subjects: |
| LEADER | 006400000a22002290004500 | ||
|---|---|---|---|
| 020 | |a 0-85-274-586-9 | ||
| 041 | |a en | ||
| 082 | |a 530.41 M7 | ||
| 100 | |a Weaire, D L | ||
| 100 | |a Windsor, C G | ||
| 245 | |a Solid state science: past present and predicted | ||
| 260 | |a Bristol, Adam Higher | ||
| 260 | |c 1987 | ||
| 650 | |a Diffraction | ||
| 650 | |a Metallurgy | ||
| 650 | |a Microelectronics | ||
| 650 | |a Optics | ||
| 650 | |a Semiconductors | ||
| 650 | |a Superconductivity | ||
| 942 | |c BK | ||
| 999 | |c 151551 |d 151547 | ||
| 952 | |0 0 |1 0 |4 0 |6 530_410000000000000_M7 |7 0 |9 150373 |a SCK |b SCK |d 2017-10-23 |l 0 |o 530.41 M7 |p SCK03164 |r 2017-10-23 |w 2017-10-23 |y BK | ||